Dictateurs et dictatures de l'après-guerre / (Record no. 143836)

MARC details
000 -LEADER
campo de control de longitud fija 00617nam a2200205 4500
001 - NÚMERO DE CONTROL
campo de control 143836
003 - IDENTIFICADOR DE NÚMERO DE CONTROL
campo de control ES-MaACL
005 - FECHA Y HORA DE LA ÚLTIMA TRANSACCIÓN
campo de control 20230906200903.0
007 - CAMPO FIJO DE DESCRIPCIÓN FÍSICA--INFORMACIÓN GENERAL
campo de control de longitud fija t|
008 - DATOS DE LONGITUD FIJA--INFORMACIÓN GENERAL
campo de control de longitud fija 070214s1931 fr r ||||1| fre d
100 1# - ENTRADA PRINCIPAL--NOMBRE DE PERSONA
Nombre de persona Sforza, Carlo
Títulos y otros términos asociados al nombre Conte.
9 (RLIN) 105969
245 10 - MENCIÓN DEL TÍTULO
Título Dictateurs et dictatures de l'après-guerre /
Mención de responsabilidad, etc. par le Cte. Sforza.
250 ## - MENCION DE EDICION
Mención de edición 8è éd.
260 ## - PUBLICACIÓN, DISTRIBUCIÓN, ETC.
Lugar de publicación, distribución, etc. Paris :
Nombre del editor, distribuidor, etc. Gallimard,
Fecha de publicación, distribución, etc. 1931 (
Fabricante F. Chantenay)
300 ## - DESCRIPCIÓN FÍSICA
Extensión 267 p. ;
Dimensiones 19 x 12 cm.
490 1# - MENCIÓN DE SERIE
Mención de serie Les contemporains vus de près
830 0# - PUNTO DE ACCESO ADICIONAL DE SERIE-TÍTULO UNIFORME
Título uniforme Les contemporains vus de près
9 (RLIN) 187287
852 ## - LOCALIZACIÓN
Ubicación ES-MaACL
Número de control de estantería B-12853
Holdings
Estatus retirado Estado de pérdida Estado de daño No para préstamo Biblioteca de origen Biblioteca actual Ubicación en estantería Fecha de adquisición Fuente de adquisición Total de préstamos Signatura topográfica completa Código de barras Visto por última vez Precio de reemplazo Tipo de ítem Koha
        Biblioteca del Ateneo de Madrid Biblioteca del Ateneo de Madrid Sala Pardo Bazán 17/01/2008     B-12853 1149651 23/02/2023 23/02/2023 Libro impreso